| 000 | 01498cam a22003977a 4500 | ||
|---|---|---|---|
| 003 | CHAP | ||
| 005 | 20220817043909.0 | ||
| 008 | 030613s2003 mx d r 00010 spa d | ||
| 010 | _a87386 | ||
| 011 | _a88358 | ||
| 035 | _a98903 | ||
| 040 | _cCHAP | ||
| 090 | _aTesis | ||
| 100 | 0 | 0 |
_aGarcía Jiménez, Jaime. _946160 |
| 245 | 1 | 0 |
_aAnálisis económico del control biológico del Psílido del eucalipto en la ciudad de México _c/por Jaime García Jiménez |
| 260 |
_aChapingo, Méx. : _bEl autor, _c2003 |
||
| 300 |
_a92 h. : _bcuadros |
||
| 502 | _aTesis (M. C. en Ciencias Forestales) -- UACH. División de Ciencias Forestales | ||
| 530 | _aTambién disponible en línea | ||
| 590 |
_aALEPH _b10 _c20130110 _lUCH01 _h1454 |
||
| 590 |
_aBATCH-UPD _b10 _c20130110 _lUCH01 _h0700 |
||
| 590 |
_aBATCH-UPD _b10 _c20130410 _lUCH01 _h0346 |
||
| 590 |
_aBATCH-UPD _b10 _c20130914 _lUCH01 _h1047 |
||
| 590 |
_aBATCH-UPD _b10 _c20140324 _lUCH01 _h1439 |
||
| 590 |
_aBATCH-UPD _b10 _c20141002 _lUCH01 _h0818 |
||
| 590 |
_aCONVERSION _b10 _c20130109 _lUCH01 _h1348 |
||
| 650 | 1 | 4 |
_aAgricultura _xAspectos económicos. |
| 650 | 1 | 4 |
_aControl biológico de plagas. _927587 |
| 650 | 1 | 4 |
_aEucalipto _xPlagas. _938818 |
| 856 |
_3Finding aid _uhttp://10.13.5.2/tesis/98903.pdf _zTeclea aqui |
||
| 901 | _aBK | ||
| 905 | _aMarco A. Mendoza T. | ||
| 942 | _cFOLL | ||
| 949 |
_atesis _bBC _cTES _d33724000895892 _eTS2 _fc.2 _gDonaciØn _h41198 _i98903 _sb |
||
| 949 |
_atesis _bBC _cTES _d989031 _eTS1 _gDonaciØn _h41197 _i98903 _sb |
||
| 999 |
_c87386 _d87386 |
||